Principles Foundation Engineering (Record no. 29617)

MARC details
000 -LEADER
fixed length control field 00406nam a22001817a 4500
003 - CONTROL NUMBER IDENTIFIER
control field OSt
005 - DATE AND TIME OF LATEST TRANSACTION
control field 20220209095231.0
008 - FIXED-LENGTH DATA ELEMENTS--GENERAL INFORMATION
fixed length control field 220209b |||||||| |||| 00| 0 eng d
020 ## - INTERNATIONAL STANDARD BOOK NUMBER
International Standard Book Number 139780495438694
040 ## - CATALOGING SOURCE
Transcribing agency HU
082 ## - DEWEY DECIMAL CLASSIFICATION NUMBER
Classification number 624.15
100 ## - MAIN ENTRY--PERSONAL NAME
Personal name Das M. Braja
9 (RLIN) 29989
245 ## - TITLE STATEMENT
Title Principles Foundation Engineering
250 ## - EDITION STATEMENT
Edition statement 6ed
260 ## - PUBLICATION, DISTRIBUTION, ETC.
Place of publication, distribution, etc. US
Name of publisher, distributor, etc. UK
300 ## - PHYSICAL DESCRIPTION
Type of unit 750
942 ## - ADDED ENTRY ELEMENTS (KOHA)
Source of classification or shelving scheme Dewey Decimal Classification
Koha item type Books like text book referance book
Suppress in OPAC No
Holdings
Withdrawn status Lost status Source of classification or shelving scheme Damaged status Not for loan Home library Current library Shelving location Date acquired Total Checkouts Full call number Barcode Date last seen Copy number Price effective from Koha item type
    Dewey Decimal Classification     IoT Library IoT Library General Stacks 02/09/2022   624.15/DAS/2007 IOTL0011088 02/09/2022 1 02/09/2022 Books like text book referance book
    Dewey Decimal Classification     IoT Library IoT Library General Stacks 02/09/2022   624.15/DAS/2007 IOTL0011089 02/09/2022 2 02/09/2022 Books like text book referance book
    Dewey Decimal Classification     IoT Library IoT Library General Stacks 02/09/2022   624.15/DAS/2007 IOTL0011090 02/09/2022 3 02/09/2022 Books like text book referance book
    Dewey Decimal Classification     IoT Library IoT Library General Stacks 02/09/2022   624.15/DAS/2007 IOTL0011091 02/09/2022 4 02/09/2022 Books like text book referance book
    Dewey Decimal Classification     IoT Library IoT Library General Stacks 02/09/2022   624.15/DAS/2007 IOTL0011092 02/09/2022 5 02/09/2022 Books like text book referance book
    Dewey Decimal Classification     IoT Library IoT Library General Stacks 03/17/2022   624.15/DAS/2007 IOTL0018062 03/17/2022 6 03/17/2022 Books like text book referance book
    Dewey Decimal Classification     IoT Library IoT Library   03/30/2022   624.15/DAS/2007 IOTL0018791 03/30/2022 7 03/30/2022 Books like text book referance book
    Dewey Decimal Classification     IoT Library IoT Library   03/30/2022   624.15/DAS/2007 IOTL0018792 03/30/2022 8 03/30/2022 Books like text book referance book
    Dewey Decimal Classification     IoT Library IoT Library   03/30/2022   624.15/DAS/2007 IOTL0018793 03/30/2022 9 03/30/2022 Books like text book referance book
    Dewey Decimal Classification     IoT Library IoT Library   03/30/2022   624.15/DAS/2007 IOTL0018794 03/30/2022 10 03/30/2022 Books like text book referance book
    Dewey Decimal Classification     IoT Library IoT Library General Stacks 04/01/2022   624.15/DAS/2007 IOTL0019382 04/01/2022 11 04/01/2022 Books like text book referance book
    Dewey Decimal Classification     IoT Library IoT Library General Stacks 04/05/2022   624.15/DAS/2007 IOTL0019908 04/05/2022 12 04/05/2022 Books like text book referance book
    Dewey Decimal Classification     IoT Library IoT Library General Stacks 04/05/2022   624.15/DAS/2007 IOTL0019909 04/05/2022 13 04/05/2022 Books like text book referance book